Party patronage and party government in European democracies / (Record no. 27654)

MARC details
000 -LEADER
fixed length control field 01941cam a22004215i 4500
001 - CONTROL NUMBER
control field 17559997
003 - CONTROL NUMBER IDENTIFIER
control field EG-ScBUE
005 - DATE AND TIME OF LATEST TRANSACTION
control field 20190926115350.0
008 - FIXED-LENGTH DATA ELEMENTS--GENERAL INFORMATION
fixed length control field 121212s2012 enka f b 001 0 eng d
020 ## - INTERNATIONAL STANDARD BOOK NUMBER
International Standard Book Number 9780199599370
020 ## - INTERNATIONAL STANDARD BOOK NUMBER
International Standard Book Number 0199599378
035 ## - SYSTEM CONTROL NUMBER
System control number (OCoLC)ocn769989408
040 ## - CATALOGING SOURCE
Original cataloging agency BTCTA
Language of cataloging eng
Description conventions rda
Transcribing agency BTCTA
Modifying agency UKMGB
-- YDXCP
-- YNK
-- YOU
-- CGU
-- BWX
-- PUL
-- CDX
-- COO
-- DGU
-- STF
-- DLC
-- EG-ScBUE
043 ## - GEOGRAPHIC AREA CODE
Geographic area code e------
082 04 - DEWEY DECIMAL CLASSIFICATION NUMBER
Classification number 324.2094
Item number PAR
Edition number 22
245 00 - TITLE STATEMENT
Title Party patronage and party government in European democracies /
Statement of responsibility, etc edited by Peter Kopecký, Peter Mair, and Maria Spirova.
250 ## - EDITION STATEMENT
Edition statement First edition.
264 #1 - PUBLICATION, DISTRIBUTION, ETC. (IMPRINT)
Place of publication, distribution, etc Oxford :
Name of publisher, distributor, etc Oxford University Press,
Date of publication, distribution, etc 2012.
300 ## - PHYSICAL DESCRIPTION
Extent xvi, 415 pages :
Other physical details illustrations ;
Dimensions 24 cm.
336 ## - CONTENT TYPE
Content type term text
Content type code txt
Source rdacontent
337 ## - MEDIA TYPE
Media type term unmediated
Media type code n
Source rdamedia
338 ## - CARRIER TYPE
Carrier type term volume
Carrier type code nc
Source rdacarrier
490 0# - SERIES STATEMENT
Series statement Comparative politics
504 ## - BIBLIOGRAPHY, ETC. NOTE
Bibliography, etc Includes bibliographical references and index.
520 ## - SUMMARY, ETC.
Summary, etc Party Patronage and Party Government in European Democracies brings together insights from the worlds of party politics and public administration in order to analyze the role of political parties in public appointments across contemporary Europe.
650 #7 - SUBJECT ADDED ENTRY--TOPICAL TERM
Topical term or geographic name as entry element Patronage, Political
Geographic subdivision Europe.
Source of heading or term BUEsh
650 #7 - SUBJECT ADDED ENTRY--TOPICAL TERM
Topical term or geographic name as entry element Political parties
Geographic subdivision Europe.
Source of heading or term BUEsh
650 #7 - SUBJECT ADDED ENTRY--TOPICAL TERM
Topical term or geographic name as entry element Politics, Practical
Geographic subdivision Europe.
Source of heading or term BUEsh
651 #7 - SUBJECT ADDED ENTRY--GEOGRAPHIC NAME
Geographic name Europe
General subdivision Politics and government.
Source of heading or term BUEsh
9 (RLIN) 15690
653 ## - INDEX TERM--UNCONTROLLED
Resource For college MASTER - Political Science
Arrived date list September2019
700 1# - ADDED ENTRY--PERSONAL NAME
Personal name Kopecký, Peter,
Relator term editor.
700 1# - ADDED ENTRY--PERSONAL NAME
Personal name Mair, Peter,
Relator term editor.
9 (RLIN) 10793
700 1# - ADDED ENTRY--PERSONAL NAME
Personal name Spirova, Maria,
Relator term editor.
856 42 - ELECTRONIC LOCATION AND ACCESS
Materials specified Contributor biographical information
Uniform Resource Identifier <a href="http://www.loc.gov/catdir/enhancements/fy1403/2012462564-b.html">http://www.loc.gov/catdir/enhancements/fy1403/2012462564-b.html</a>
856 42 - ELECTRONIC LOCATION AND ACCESS
Materials specified Publisher description
Uniform Resource Identifier <a href="http://www.loc.gov/catdir/enhancements/fy1403/2012462564-d.html">http://www.loc.gov/catdir/enhancements/fy1403/2012462564-d.html</a>
856 41 - ELECTRONIC LOCATION AND ACCESS
Materials specified Table of contents only
Uniform Resource Identifier <a href="http://www.loc.gov/catdir/enhancements/fy1403/2012462564-t.html">http://www.loc.gov/catdir/enhancements/fy1403/2012462564-t.html</a>
942 ## - ADDED ENTRY ELEMENTS (KOHA)
Source of classification or shelving scheme Dewey Decimal Classification
Koha item type Book - Borrowing
Holdings
Withdrawn status Lost status Source of classification or shelving scheme Damaged status Not for loan Collection code Home library Current library Shelving location Date acquired Source of acquisition Cost, normal purchase price Total Checkouts Full call number Barcode Date last seen Cost, replacement price Price effective from Koha item type
    Dewey Decimal Classification     Baccah Central Library Central Library First floor 26/09/2019 Purchase 1390.00   324.2094 PAR 000048119 15/07/2025 1737.50 26/09/2019 Book - Borrowing